Las actas verdaderas de los martires (Record no. 196858)

MARC details
000 -LEADER
campo de control de longitud fija 01790nam a2200385 i 4500
001 - NÚMERO DE CONTROL
campo de control 196858
003 - IDENTIFICADOR DE NÚMERO DE CONTROL
campo de control ES-MaACL
005 - FECHA Y HORA DE LA ÚLTIMA TRANSACCIÓN
campo de control 20250813083338.0
007 - CAMPO FIJO DE DESCRIPCIÓN FÍSICA--INFORMACIÓN GENERAL
campo de control de longitud fija ta
008 - DATOS DE LONGITUD FIJA--INFORMACIÓN GENERAL
campo de control de longitud fija 890621s1844 sp a spa d
016 7# - NÚMERO DE CONTROL DE UNA AGENCIA BIBLIOGRÁFICA NACIONAL
Número de control del registro bimoBNE20010165237
Número de control cancelado/no válido BNPAB00095459
Fuente SpMaBN
035 ## - NÚMERO DE CONTROL DEL SISTEMA
Número de control de sistema (OCoLC)433701380
035 ## - NÚMERO DE CONTROL DEL SISTEMA
Número de control de sistema (SpMaBN)bimo0001647576
035 ## - NÚMERO DE CONTROL DEL SISTEMA
Número de control de sistema 991005299639708606
040 ## - FUENTE DE CATALOGACIÓN
Centro catalogador/agencia de origen SpMaBN
Lengua de catalogación spa
Centro/agencia transcriptor PAB
245 04 - MENCIÓN DEL TÍTULO
Título Las actas verdaderas de los martires
Resto del título ó sean procesos verbales /
Mención de responsabilidad, etc. sacadas, corregidas y publicadas en latín... por Teodorico Ruinart con el titulo de Acta primorum martyrum sincera et selecta
250 ## - MENCION DE EDICION
Mención de edición Nueva ed. en castellano aum. /
Resto de la mención de edición con las actas de otros santos mártires españoles, é ilustrada con las traducción de la... obra de los Tormentos de los martires escrita en italiano y después en latín por Antonio Galonio..., traducida del latin por P. Fuentes
260 ## - PUBLICACIÓN, DISTRIBUCIÓN, ETC.
Lugar de publicación, distribución, etc. Madrid
Nombre del editor, distribuidor, etc. [s.n.]
Fecha de publicación, distribución, etc. 1844
Fabricante (Imprenta de la Sociedad de Operarios del mismo arte)
300 ## - DESCRIPCIÓN FÍSICA
Extensión 3 v. ;
Otras características físicas grabados ;
Dimensiones 24 cm
336 ## - TIPO DE CONTENIDO
Fuente rdacontent
Término de tipo de contenido texto
337 ## - TIPO DE MEDIO
Fuente rdamedia
Nombre/término del tipo de medio sin mediación
338 ## - TIPO DE SOPORTE
Fuente rdacarrier
Nombre/término del tipo de soporte volumen
505 ## - NOTA DE CONTENIDO CON FORMATO
Nota de contenido con formato Contiene Tomo I.-II. -- Tomo IIII
650 #7 - PUNTO DE ACCESO ADICIONAL DE MATERIA--TÉRMINO DE MATERIA
Término de materia o nombre geográfico como elemento de entrada Actas de los mártires
Fuente del encabezamiento o término embne
9 (RLIN) 239437
700 1# - ENTRADA AGREGADA--NOMBRE PERSONAL
Nombre de persona Galonio, Antonio.
Título de la obra Tormento de los santos mártires
9 (RLIN) 239438
700 1# - ENTRADA AGREGADA--NOMBRE PERSONAL
Nombre de persona Ruinart, Thierry,
Fechas asociadas al nombre 1657-1709
9 (RLIN) 239439
700 1# - ENTRADA AGREGADA--NOMBRE PERSONAL
Nombre de persona Fuentes, Primitivo
9 (RLIN) 127167
852 ## - LOCALIZACIÓN
Ubicación ES-MaACL
Número de control de estantería G-16019
Designación de la unidad física v.1-2
852 ## - LOCALIZACIÓN
Ubicación ES-MaACL
Número de control de estantería G-16020
Designación de la unidad física v.3
Ubicación en estantería Depósito 2
856 41 - LOCALIZACIÓN Y ACCESO ELECTRÓNICOS
Identificador Uniforme de Recursos <a href="http://bdh-rd.bne.es/viewer.vm?id=0000260095&page=1">http://bdh-rd.bne.es/viewer.vm?id=0000260095&page=1</a>
Nota pública Acceso a texto completo
Texto de enlace Biblioteca Digital Hispánica
942 ## - ELEMENTOS DE ENTRADA SECUNDARIOS (KOHA)
Suprimir en OPAC No
Tipo de ítem Koha Libro impreso antiguo
Holdings
Estatus retirado Estado de pérdida Fuente del sistema de clasificación o colocación Especificación de materiales (volumen encuadernado u otra parte) Estado de daño No para préstamo Colección Biblioteca de origen Biblioteca actual Ubicación en estantería Fecha de adquisición Total de préstamos Signatura topográfica completa Código de barras Visto por última vez Precio de reemplazo Tipo de ítem Koha
    Clasificación decimal universal v.1-2     Libros del s. XIX Biblioteca del Ateneo de Madrid Biblioteca del Ateneo de Madrid Depósito 2 10/01/2025   G-16019 101229330 10/01/2025 10/01/2025 Libro impreso antiguo
    Clasificación decimal universal v.3     Libros del s. XIX Biblioteca del Ateneo de Madrid Biblioteca del Ateneo de Madrid Depósito 2 10/01/2025   G-16020 101229331 10/01/2025 10/01/2025 Libro impreso antiguo